गजल सरिता (Record no. 108628)

MARC details
000 -LEADER
fixed length control field 00539nam a2200181Ia 4500
008 - FIXED-LENGTH DATA ELEMENTS--GENERAL INFORMATION
fixed length control field 090124s9999 xx 000 0 und d
082 ## - DEWEY DECIMAL CLASSIFICATION NUMBER
Item number 42435
Classification number 891.431
100 ## - MAIN ENTRY--PERSONAL NAME
Personal name "दर्वेश इब्राहिम,"
245 ## - TITLE STATEMENT
Title गजल सरिता
250 ## - EDITION STATEMENT
Edition statement 1
260 ## - PUBLICATION, DISTRIBUTION, ETC. (IMPRINT)
Date of publication, distribution, etc 1983
300 ## - PHYSICAL DESCRIPTION
Extent 108
600 ## - SUBJECT ADDED ENTRY--PERSONAL NAME
Personal name "दर्वेश इब्राहिम,"
630 ## - SUBJECT ADDED ENTRY--UNIFORM TITLE
Uniform title गजल सरिता
700 ## - ADDED ENTRY--PERSONAL NAME
Personal name "दर्वेश इब्राहिम,"
730 ## - ADDED ENTRY--UNIFORM TITLE
Uniform title गजल सरिता
942 ## - ADDED ENTRY ELEMENTS (KOHA)
Koha item type Book
Holdings
Withdrawn status Lost status Damaged status Not for loan Home library Current library Date acquired Cost, normal purchase price Total Checkouts Full call number Barcode Date last seen Cost, replacement price Price effective from Koha item type
        Nagar Wachan Mandir, Thane Nagar Wachan Mandir, Thane   0.00   42435 THNNWM-42435 01/24/2009 0.00 01/24/2009 Book